| 000 | 00589nam a22001457a 4500 | ||
|---|---|---|---|
| 020 | _a0-684-85972-6 | ||
| 082 |
_a823 _bREI/K |
||
| 100 | _aREICHS, KATHY | ||
| 245 | _aFATAL VOYAGE | ||
| 260 |
_aNEW YORK _bSCRIBNER _c2001 |
||
| 300 | _a363 | ||
| 520 | _aA commercial airliner disaster has brought Tempe Brennan to the North Carolina mountains as a member of the investigative agency DMORT. As bomb theories abound, Tempe soon discovers a jarring piece of evidence that raises dangerous questions — and gets her thrown from the DMORT team. | ||
| 650 |
_aNOVEL _zUNITED STATES |
||
| 942 | _cBK | ||
| 999 |
_c2448 _d2448 |
||